Biblioteca Chilena de Historia, Genealogía y Heráldica. Publicada bajo la dirección de Juan Luis Espejo. Volumen Extraordinario. Arboles de las descendencias de las muy nobles casas y apellidos de los Rodríguez del Manzano Pastenes y Ovalles, por el Doctor Don Alonso Ortiz de Ovalle, etc.
Saved in:
| Hovedforfatter: | |
|---|---|
| Format: | Bog |
| Sprog: | spansk |
| Udgivet: |
Santiago
Zamorano y Caperán
1923
|
| Udgivelse: | 1a. ed |
| Fag: | |
| Tags: |
Tilføj Tag
Ingen Tags, Vær først til at tagge denne postø!
|
MARC
| LEADER | 00000nam a2200000 a 4500 | ||
|---|---|---|---|
| 001 | UCJ7305 | ||
| 003 | CL-VaPUC | ||
| 008 | 070124e19230315CL |||||||||||||||||spa|d | ||
| 082 | 0 | 4 | |a 929 |b ESP |2 21 |
| 100 | 0 | |a Espejo, Juan Luis |e author |9 509286 | |
| 245 | 1 | 0 | |a Biblioteca Chilena de Historia, Genealogía y Heráldica. Publicada bajo la dirección de Juan Luis Espejo. Volumen Extraordinario. Arboles de las descendencias de las muy nobles casas y apellidos de los Rodríguez del Manzano Pastenes y Ovalles, por el Doctor Don Alonso Ortiz de Ovalle, etc. |
| 250 | |a 1a. ed | ||
| 300 | |a 111 p | ||
| 942 | |c BK | ||
| 945 | |d 20070124 00:00:00 |a rinostro | ||
| 260 | |a Santiago |b Zamorano y Caperán |c 1923 | ||
| 500 | |a Retratos y Armas de varias de las familias tratadas | ||
| 600 | 0 | 7 | |a PASTENE, JUAN BAUTISTA |2 CL-VaPUC |9 448728 |
| 600 | 0 | 7 | |a PASTENE, TOMAS |2 CL-VaPUC |9 515596 |
| 600 | 0 | 7 | |a GARCIA DE SANABRIA, FERNANDO |2 CL-VaPUC |9 515597 |
| 600 | 0 | 7 | |a OVALLE, GONZALO DE |2 CL-VaPUC |9 515598 |
| 600 | 0 | 7 | |a URREA EL VIEJO, JUAN DE |2 CL-VaPUC |9 515599 |
| 650 | 0 | |a Genealogía |9 255285 | |
| 650 | 7 | |a HERALDICA |2 CL-VaPUC |9 388228 | |
| 650 | 7 | |a ONOMATOLOGIA |2 CL-VaPUC |9 374848 | |
| 650 | 7 | |a ONOMASTICA |2 CL-VaPUC |9 506269 | |
| 650 | 0 | |a Iconografía |9 267998 | |
| 650 | 0 | |a Historia de Chile |9 265473 | |
| 583 | |a last modification |c 20070124 00:00:00 |k Rodrigo Vera | ||
| 999 | |c 323401 |d 323399 | ||
| 952 | |0 0 |1 0 |4 0 |6 929_000000000000000_ESP_1923 |7 0 |8 X |9 402963 |a FDOBUD |b FDOBUD |d 2019-11-22 |i 1061283 |o 929 ESP 1923 |p 1061283 |r 2019-11-22 |w 2019-11-22 |y BK_X |k BUD | ||